Govt. of
Madhya Pradesh

Kolkata (Record no. 15653)

MARC details
000 -LEADER
fixed length control field 003470000a22001570004500
001 - CONTROL NUMBER
control field 003759
003 - CONTROL NUMBER IDENTIFIER
control field MACL
040 ## - CATALOGING SOURCE
Original cataloging agency MACL
090 ## - LOCALLY ASSIGNED LC-TYPE CALL NUMBER (OCLC); LOCAL CALL NUMBER (RLIN)
-- 15752
-- 15751
100 ## - MAIN ENTRY--PERSONAL NAME
Personal name Chatterjee, Jayabrato
245 ## - TITLE STATEMENT
Title Kolkata
Remainder of title The Dream City
Statement of responsibility, etc. Jayabrato Chatterjee
260 ## - PUBLICATION, DISTRIBUTION, ETC. (IMPRINT)
Place of publication, distribution, etc. UBSPD,
Date of publication, distribution, etc. 2006
350 ## - PRICE (NR) (BK AM CF MU VM SE) [OBSOLETE]
Price 395
650 ## - SUBJECT ADDED ENTRY--TOPICAL TERM
Topical term or geographic name as entry element Social Science
942 ## - ADDED ENTRY ELEMENTS (KOHA)
Call number prefix 307
Koha item type Library Membar
Holdings
Withdrawn status Lost status Source of classification or shelving scheme Damaged status Not for loan Home library Current library Date acquired Cost, normal purchase price Total Checkouts Full call number Barcode Date last seen Uniform Resource Identifier Price effective from Koha item type
          MACL MACL 15/04/2015 395.00   306.54/CHA CRE018520 02/05/2024 15554 15/04/2015 Books